[Event "Prague Holiday K11"]
[Site "Prague"]
[Date "2012.07.19"]
[Round "7"]
[White "Careaga, Daniel"]
[Black "Fitzke, Ulrich"]
[Result "0-1"]
[WhiteElo "1764"]
[BlackElo "2015"]
[PlyCount "148"]
[EventDate "2012.07.15"]
[EventType "tourn"]
[EventRounds "9"]
[EventCountry "CZE"]
[SourceTitle "EXT 2023"]
[Source "ChessBase"]
[SourceDate "2022.10.05"]
[SourceVersion "1"]
[SourceVersionDate "2022.10.05"]
[SourceQuality "1"]

1. d4 d5 2. c4 e6 3. cxd5 exd5 4. e3 Nf6 5. f3 Be7 6. Bd3 0-0 7. Ne2 Nc6 8. a3 Bd7 9. Kf2 Re8 10. Re1 Bd6 11. g3 Qe7 12. Nbc3 a6 13. Qc2 h6 14. Na4 b6 15. Bd2 Qe6 16. Rh1 Ne7 17. Rae1 Reb8 18. Nf4 Bxf4 19. exf4 Bxa4 20. Qxa4 Qc6 21. Qd1 Re8 22. Re5 Nd7 23. Re3 Qf6 24. Bc3 Nc6 25. Rxe8+ Rxe8 26. Bxa6 Na7 27. Bd3 Qd6 28. Re1 Rxe1 29. Qxe1 Kf8 30. Bf5 Nb5 31. Bxd7 Qxd7 32. Bb4+ Kg8 33. Qe5 f6 34. Qe3 Kf7 35. g4 g6 36. h4 Qe6 37. Qd3 Na7 38. h5 f5 39. Qa6 Nc6 40. Qb7 Qd7 41. Bc3 Nd8 42. hxg6+ Kxg6 43. gxf5+ Kxf5 44. Qa6 Ne6 45. Qd3+ Kf6 46. Bd2 h5 47. Qe3 Qd6 48. Kg3 Ng7 49. Qg1 Kf7 50. Kf2 Qg6 51. Qxg6+ Kxg6 52. a4 Nf5 53. Bc3 Nd6 54. a5 bxa5 55. Bxa5 Nb5 56. Kg3 Kf5 57. Bc3 c6 58. Bd2 Nxd4 59. b4 Nb3 60. Be1 d4 61. Kh4 Kxf4 62. Kxh5 Kxf3 63. Kg5 Ke2 64. Bg3 d3 65. Bf4 Nd4 66. Kf6 Nc2 67. Ke5 Ne3 68. Ke4 d2 69. Bxe3 d1Q 70. Bc5 Qd5+ 71. Kf4 Qe6 72. Kg3 Qf5 73. Kh4 Qg6 74. Kh3 Kf3 0-1